000 00285nam a22001337a 4500
008 181203b xxu||||| |||| 00| 0 eng d
020 _a809475987
041 _aeng
080 _a004
100 _a37
101 _aSHK
245 _aMemory And Storage
_cWilliam.P
942 _2udc
_cBK
999 _c52727
_d52727